000 02742njm a2200601 i 4500
001 195984
003 ES-MaACL
005 20250904042249.0
007 sd*fsngnnmmned
008 240209s2006 sp opn d / ita
015 _aSON06
017 _aM 48037-2006
_bOficina Depósito Legal Madrid
020 _a9788493552329
035 _a(OCoLC)431145797
035 _a(SpMaBN)a4554245
040 _aSpMaBN
_bspa
_cSpMaBN
_erdc
100 1 _aHandel, George Frideric,
_d1685-1759
_9240517
_ecmt
240 1 0 _aRinaldo
245 1 0 _aRinaldo /
_cHaendel ; libreto de Aaron Hill y Giacomo Rossi
_h[Grabación sonora]
260 _aMadrid :
_bPrisa Innova,
_cD.L. 2006
264 _a©2007
300 _a2 discos (CD Audio) +
_e1 libro (59 páginas)
336 _2rdacontent
_amúsica (interpretada)
337 _2rdamedia
_aaudio
338 _2rdacarrier
_avolumen
490 1 _aLos clásicos de la ópera, 400 años ;
_v6
500 _aRemasterizado
511 1 _aMarilyn Horne, Cecilia Gasdia, Ernesto Palacio, Christine Weidinger, Natale de Carolis, Carlo Colombara, Caterina Calvi, Cosetta Tosetti, Fabio Tartari ; Orquesta del Teatro La Fenice de Venecia ; John Fisher, director musical.
518 _aGrabado en Venecia en junio de 1989
520 _aEstrenada el 24 de febrero de 171 en el Queen's Theater de Haymarket, Rinaldo fue la primera ópera de Haendel representada en Inglaterra y la primera ópera italiana compuesta expresamente para Londres. Fue también la primera de cinco óperas mágicas de producción haendeliana.
650 7 _aÓperas-
_9137584
_vLibretos
655 7 _aLibretos
_2
_9242219
700 1 _aHill, Aaron
_9237894
_elbt
700 1 _aRossi, Giacomo
_9237895
_elbt
700 1 _aHorne, Marilyn,
_d1934-
_9237896
_eprf
700 1 _aGasdía, Cecilia,
_d1960-
_9237897
_eprf
700 1 _aPalacio, Ernesto,
_d1946-
_9237898
_eprf
700 1 _aWeidinger, Christine,
_d1946-
_9237899
_eprf
700 1 _aCarolis, Natale de
_9237900
_eprf
700 1 _aColombara, Carlo
_9237901
_eprf
700 1 _aCalvi, Caterina
_eprf
_9240519
700 1 _aTosetti, Cosetta
_eprf
_9240520
700 1 _aTartari, Fabio
_eprf
_9240521
700 1 _aFisher, John,
_d1950-
_9237902
_emsd
710 2 _aTeatro La Fenice (Venezia)
_bOrchestra
_9237903
852 _aES.MaACL
_bR.155017
_cDEPOJ
_jN-9801
_hDonación: Miren Fernández
_xEncuadernación cartoné
_pVolumen 6
_9205579
903 _aFernández, Miren
_ednr
942 _cMONOGRAFIA
_n0
999 _c195984
_d195984